[Event "Prague op-A 19th"]
[Site "Prague"]
[Date "2020.01.12"]
[Round "4"]
[White "Steiner, Juraj"]
[Black "Foo, William"]
[Result "1/2-1/2"]
[WhiteElo "2004"]
[BlackElo "2186"]
[PlyCount "32"]
[EventDate "2020.01.10"]
[EventType "swiss"]
[EventRounds "9"]
[EventCountry "CZE"]
[SourceTitle "CBM 195 Extra"]
[Source "ChessBase"]
[SourceDate "2020.05.31"]
[SourceVersion "1"]
[SourceVersionDate "2020.05.31"]
[SourceQuality "1"]

1. d4 d5 2. c4 c6 3. cxd5 cxd5 4. Nc3 Nf6 5. Nf3 Nc6 6. Bf4 a6 7. e3 Bf5 8. Be2 Qb6 9. 0-0 e6 10. Na4 Qa7 11. Rc1 Nd7 12. Nh4 Be4 13. f3 Bg6 14. Kh1 Be7 15. Bg3 Bxh4 16. Bxh4 Rc8 1/2-1/2

[Event "Prague op-A 19th"]
[Site "Prague"]
[Date "2020.01.11"]
[Round "2"]
[White "Jahoda, Ladislav"]
[Black "Foo, William"]
[Result "0-1"]
[WhiteElo "1890"]
[BlackElo "2186"]
[PlyCount "54"]
[EventDate "2020.01.10"]
[EventType "swiss"]
[EventRounds "9"]
[EventCountry "CZE"]
[SourceTitle "CBM 195 Extra"]
[Source "ChessBase"]
[SourceDate "2020.05.31"]
[SourceVersion "1"]
[SourceVersionDate "2020.05.31"]
[SourceQuality "1"]

1. e4 c5 2. c3 d5 3. exd5 Qxd5 4. d4 Nc6 5. Nf3 Bg4 6. Be2 e6 7. Be3 cxd4 8. cxd4 Bb4+ 9. Nc3 Qa5 10. Qb3 Rd8 11. Rd1 Nge7 12. 0-0 0-0 13. a3 Bd6 14. h3 Bh5 15. Ne4 Qd5 16. Qxd5 Nxd5 17. Nxd6 Rxd6 18. g4 Bg6 19. Ne5 Nxe3 20. fxe3 Nxe5 21. dxe5 Rc6 22. Bf3 Rc5 23. Rd7 b5 24. Rxa7 Rxe5 25. Re1 f5 26. a4 fxg4 27. Bxg4 h5 0-1

[Event "Hastings Masters op 92nd"]
[Site "Hastings"]
[Date "2017.01.05"]
[Round "9"]
[White "Foo, William"]
[Black "Bellin, Robert"]
[Result "1/2-1/2"]
[WhiteElo "2145"]
[BlackElo "2353"]
[PlyCount "24"]
[EventDate "2016.12.28"]
[EventType "swiss"]
[EventRounds "9"]
[EventCountry "ENG"]
[SourceTitle "CBM 176 Extra"]
[Source "ChessBase"]
[SourceDate "2017.03.02"]
[SourceVersion "1"]
[SourceVersionDate "2017.03.02"]
[SourceQuality "1"]

1. e4 c5 2. Nf3 Nc6 3. d4 cxd4 4. Nxd4 g6 5. c4 Nf6 6. Nc3 d6 7. Be2 Nxd4 8. Qxd4 Bg7 9. Be3 0-0 10. Qd2 Be6 11. Rc1 Qa5 12. f3 Rfc8 1/2-1/2

[Event "Hastings Masters op 92nd"]
[Site "Hastings"]
[Date "2016.12.31"]
[Round "4"]
[White "Foo, William"]
[Black "Siva, Mahadevan"]
[Result "1/2-1/2"]
[WhiteElo "2145"]
[BlackElo "2360"]
[PlyCount "105"]
[EventDate "2016.12.28"]
[EventType "swiss"]
[EventRounds "9"]
[EventCountry "ENG"]
[SourceTitle "CBM 176 Extra"]
[Source "ChessBase"]
[SourceDate "2017.03.02"]
[SourceVersion "1"]
[SourceVersionDate "2017.03.02"]
[SourceQuality "1"]

1. d4 Nf6 2. Nf3 g6 3. c4 Bg7 4. g3 0-0 5. Bg2 d6 6. 0-0 Nc6 7. Nc3 Rb8 8. e4 Bg4 9. Be3 Nd7 10. Ne2 a6 11. Rc1 e6 12. Qd2 e5 13. d5 Bxf3 14. Bxf3 Ne7 15. b4 f5 16. Bg2 fxe4 17. Nc3 Nf6 18. Bg5 Nf5 19. Nxe4 Nxe4 20. Bxe4 Bf6 21. Bxf6 Qxf6 22. f4 Nd4 23. fxe5 Qxe5 24. Rxf8+ Rxf8 25. Rd1 Qxe4 26. Qxd4 Qe2 27. c5 dxc5 28. bxc5 Rf2 29. Qxf2 Qxd1+ 30. Kg2 Qxd5+ 31. Kg1 Qf5 32. Qd4 Qb1+ 33. Kg2 Qxa2+ 34. Kg1 Qb1+ 35. Kg2 Qc2+ 36. Kg1 Qc1+ 37. Kg2 Qg5 38. h4 Qe7 39. Qd5+ Kg7 40. Qd4+ Qf6 41. Qd7+ Kh6 42. Qc8 Qc6+ 43. Kh2 Kg7 44. g4 h6 45. g5 hxg5 46. hxg5 Qxc5 47. Qd7+ Kf8 48. Qd8+ Kf7 49. Qf6+ Kg8 50. Qxg6+ Kf8 51. Qf6+ Kg8 52. Qg6+ Kf8 53. Qf6+ 1/2-1/2

[Event "Hastings Masters op 92nd"]
[Site "Hastings"]
[Date "2016.12.30"]
[Round "3"]
[White "Tan, Justin Hy"]
[Black "Foo, William"]
[Result "1-0"]
[WhiteElo "2451"]
[BlackElo "2145"]
[PlyCount "55"]
[EventDate "2016.12.28"]
[EventType "swiss"]
[EventRounds "9"]
[EventCountry "ENG"]
[SourceTitle "CBM 176 Extra"]
[Source "ChessBase"]
[SourceDate "2017.03.02"]
[SourceVersion "1"]
[SourceVersionDate "2017.03.02"]
[SourceQuality "1"]

1. Nf3 d5 2. g3 g6 3. c4 c6 4. Bg2 Bg7 5. 0-0 e5 6. d3 Ne7 7. Nbd2 h6 8. Rb1 f5 9. cxd5 cxd5 10. e4 Be6 11. Re1 Nbc6 12. b4 dxe4 13. dxe4 Bxa2 14. Rb2 fxe4 15. Nxe5 Nxe5 16. Rxa2 Nd3 17. Nxe4 Nxe1 18. Rd2 Qc7 19. Nd6+ Kf8 20. Qxe1 Rd8 21. Qe6 Nc8 22. Ba3 Rxd6 23. Rxd6 Qxd6 24. Qxc8+ Kf7 25. Qxb7+ Kg8 26. Bd5+ Kh7 27. Bb2 Qf8 28. g4 1-0

[Event "Hastings Masters op 92nd"]
[Site "Hastings"]
[Date "2016.12.29"]
[Round "2"]
[White "Foo, William"]
[Black "Garriga Cazorla, Pere"]
[Result "1-0"]
[WhiteElo "2145"]
[BlackElo "2386"]
[PlyCount "55"]
[EventDate "2016.12.28"]
[EventType "swiss"]
[EventRounds "9"]
[EventCountry "ENG"]
[SourceTitle "CBM 176 Extra"]
[Source "ChessBase"]
[SourceDate "2017.03.02"]
[SourceVersion "1"]
[SourceVersionDate "2017.03.02"]
[SourceQuality "1"]

1. d4 Nf6 2. c4 e6 3. g3 c5 4. d5 d6 5. Bg2 exd5 6. cxd5 g6 7. Nc3 Bg7 8. Nf3 0-0 9. 0-0 Re8 10. Nd2 a6 11. a4 Nbd7 12. h3 Rb8 13. a5 Nh5 14. Nc4 Ne5 15. Nb6 f5 16. e4 fxe4 17. Nxc8 Rxc8 18. Nxe4 c4 19. Bg5 Nf6 20. f4 Nf7 21. f5 Rxe4 22. Bxf6 Bxf6 23. fxg6 Re5 24. gxf7+ Kf8 25. Qc2 Kg7 26. Rf4 Rc7 27. Rxf6 Qxf6 28. Rf1 1-0

[Event "Wch U16"]
[Site "Al Ain"]
[Date "2013.12.26"]
[Round "9"]
[White "Juhasz, Armin"]
[Black "Foo, William"]
[Result "1-0"]
[WhiteElo "2272"]
[BlackElo "2144"]
[PlyCount "65"]
[EventDate "2013.12.18"]
[EventType "swiss"]
[EventRounds "11"]
[EventCountry "UAE"]
[SourceTitle "CBM 158 Extra"]
[Source "ChessBase"]
[SourceDate "2014.02.28"]
[SourceVersion "1"]
[SourceVersionDate "2014.02.28"]
[SourceQuality "1"]

1. c4 c6 2. Nf3 d5 3. e3 Nf6 4. Nc3 g6 5. d4 Bg7 6. Be2 0-0 7. 0-0 b6 8. b3 c5 9. Bb2 dxc4 10. bxc4 cxd4 11. exd4 Nbd7 12. Re1 Bb7 13. Bf1 Re8 14. Rc1 Nf8 15. Ne5 Ne6 16. d5 Nc5 17. Nb5 Nfd7 18. f4 Bh6 19. Ng4 Bg7 20. Bxg7 Kxg7 21. Qd4+ Nf6 22. Nxf6 exf6 23. Rxe8 Qxe8 24. Nc7 Qd7 25. Nxa8 Bxa8 26. Re1 Bb7 27. Qe3 Qf5 28. Qe8 Qxf4 29. Re7 Qd4+ 30. Kh1 Qf2 31. Rxf7+ Kh6 32. Qe2 Qf4 33. Qf3 1-0

[Event "Wch U16"]
[Site "Al Ain"]
[Date "2013.12.21"]
[Round "4"]
[White "Foo, William"]
[Black "Lamard, Guillaume"]
[Result "0-1"]
[WhiteElo "2144"]
[BlackElo "2288"]
[PlyCount "76"]
[EventDate "2013.12.18"]
[EventType "swiss"]
[EventRounds "11"]
[EventCountry "UAE"]
[SourceTitle "CBM 158 Extra"]
[Source "ChessBase"]
[SourceDate "2014.02.28"]
[SourceVersion "1"]
[SourceVersionDate "2014.02.28"]
[SourceQuality "1"]

1. d4 Nf6 2. c4 e6 3. g3 d5 4. Nf3 dxc4 5. Bg2 Bd7 6. Ne5 Bc6 7. Nxc6 Nxc6 8. e3 Qd7 9. 0-0 0-0-0 10. Qa4 Nd5 11. Qxc4 h5 12. Nc3 h4 13. Ne4 hxg3 14. fxg3 f5 15. Nc5 Bxc5 16. Qxc5 g5 17. Bd2 g4 18. Rf2 Rh5 19. b4 Kb8 20. b5 Nce7 21. Raf1 Nf6 22. Qe5 Nfd5 23. Bxd5 Qxd5 24. Qxd5 Rxd5 25. a4 Nc8 26. Bb4 Nb6 27. e4 Rxd4 28. exf5 Rxf5 29. Rxf5 exf5 30. Bc5 Rd5 31. Bxb6 axb6 32. Kf2 Re5 33. h4 gxh3 34. Rh1 c6 35. Rxh3 cxb5 36. axb5 Rxb5 37. Ke3 Rc5 38. Rh5 f4+ 0-1

[Event "Wch U16"]
[Site "Al Ain"]
[Date "2013.12.20"]
[Round "3"]
[White "Valenzuela Martinez, Hermes"]
[Black "Foo, William"]
[Result "0-1"]
[WhiteElo "1867"]
[BlackElo "2144"]
[PlyCount "114"]
[EventDate "2013.12.18"]
[EventType "swiss"]
[EventRounds "11"]
[EventCountry "UAE"]
[SourceTitle "CBM 158 Extra"]
[Source "ChessBase"]
[SourceDate "2014.02.28"]
[SourceVersion "1"]
[SourceVersionDate "2014.02.28"]
[SourceQuality "1"]

1. e4 c5 2. Nc3 Nc6 3. g3 g6 4. Bg2 Bg7 5. Nge2 d6 6. d3 Rb8 7. a4 a6 8. f4 e6 9. Be3 Nd4 10. 0-0 Ne7 11. Qd2 b5 12. axb5 axb5 13. Bxd4 cxd4 14. Na2 0-0 15. Nb4 Qb6 16. Kh1 Bb7 17. g4 f5 18. h3 Rbc8 19. Ng3 Rf7 20. Rae1 fxe4 21. dxe4 Rcf8 22. Nd3 Bh6 23. g5 Bg7 24. Nb4 Qc7 25. h4 e5 26. Ne2 Qd7 27. Qd3 Qg4 28. Qb3 Qxh4+ 29. Kg1 Kh8 30. Nd3 exf4 31. Nexf4 Qxg5 32. Rf2 Bc8 33. Ref1 Rf6 34. Rf3 Nc6 35. Qd5 Qxd5 36. Nxd5 Rxf3 37. Rxf3 Rxf3 38. Bxf3 Ne5 39. Nxe5 dxe5 40. Nc7 Bd7 41. Be2 b4 42. Bc4 Bf8 43. b3 h5 44. Be6 Bxe6 45. Nxe6 Be7 46. Kg2 Kh7 47. Kg3 g5 48. Nc7 Kg6 49. Nd5 Bd6 50. Kh3 Kf7 51. Kg3 Ke6 52. Kh3 Be7 53. Kg3 g4 54. Nc7+ Kf7 55. Nd5 Bd6 56. Nb6 Kg6 57. Nc8 Bc5 0-1

[Event "Wch U16"]
[Site "Al Ain"]
[Date "2013.12.19"]
[Round "2"]
[White "Foo, William"]
[Black "Saiyn, Zhanat"]
[Result "0-1"]
[WhiteElo "2144"]
[BlackElo "2360"]
[PlyCount "146"]
[EventDate "2013.12.18"]
[EventType "swiss"]
[EventRounds "11"]
[EventCountry "UAE"]
[SourceTitle "CBM 158 Extra"]
[Source "ChessBase"]
[SourceDate "2014.02.28"]
[SourceVersion "1"]
[SourceVersionDate "2014.02.28"]
[SourceQuality "1"]

1. e4 c5 2. Nf3 e6 3. d4 cxd4 4. Nxd4 Nc6 5. Nc3 Qc7 6. Be3 a6 7. f4 Nxd4 8. Qxd4 b5 9. Be2 Bb7 10. Bf3 Rc8 11. a3 Ne7 12. 0-0 Nc6 13. Qd3 Be7 14. e5 d6 15. exd6 Bxd6 16. Ne4 Be7 17. b4 Rd8 18. Qc3 0-0 19. Rac1 a5 20. Nc5 axb4 21. axb4 Ba8 22. Qe1 Nxb4 23. Qxb4 Bxf3 24. Rxf3 Rc8 25. Qxb5 Bxc5 26. Qxc5 Qxc5 27. Bxc5 Rxc5 28. c4 Rfc8 29. Rfc3 Kf8 30. Kf2 Ke7 31. Ke3 Rd8 32. Rb1 Rdc8 33. Kd4 R5c7 34. c5 Rd8+ 35. Kc4 Rd2 36. Rb5 Rxg2 37. Kb4 Kd7 38. Rd3+ Kc8 39. Ka5 Ra2+ 40. Kb6 Rb7+ 41. Kc6 Rxb5 42. Kxb5 Kc7 43. h3 Rb2+ 44. Kc4 Ra2 45. Kb5 Ra1 46. Rg3 g6 47. Rd3 h6 48. Rg3 Rb1+ 49. Kc4 Kc6 50. Ra3 Rc1+ 51. Kd4 Rxc5 52. Ra6+ Kb5 53. Ra7 Rf5 54. Ke4 g5 55. fxg5 hxg5 56. Rc7 Kb6 57. Rc2 Rc5 58. Rd2 f5+ 59. Kd3 Ra5 60. Re2 e5 61. Rg2 Ra3+ 62. Kc4 Rxh3 63. Rxg5 Rf3 64. Rg6+ Kc7 65. Kd5 e4 66. Re6 Kd7 67. Rf6 Ke7 68. Ra6 Kf7 69. Kd4 Kg7 70. Rb6 e3 71. Ra6 f4 72. Ra3 Rf2 73. Rb3 e2 0-1

[Event "GBR-ch 100th"]
[Site "Torquay"]
[Date "2013.08.09"]
[Round "11"]
[White "Foo, William"]
[Black "Duff, Rufus"]
[Result "0-1"]
[WhiteElo "2090"]
[BlackElo "2157"]
[PlyCount "94"]
[EventDate "2013.07.29"]
[EventType "swiss"]
[EventRounds "11"]
[EventCountry "ENG"]
[SourceTitle "CBM 155 Extra"]
[Source "ChessBase"]
[SourceDate "2013.08.26"]
[SourceVersion "1"]
[SourceVersionDate "2013.08.26"]
[SourceQuality "1"]

1. e4 e5 2. Nf3 Nc6 3. Bb5 a6 4. Ba4 Nf6 5. Qe2 b5 6. Bb3 Be7 7. 0-0 0-0 8. d4 d6 9. c3 Bg4 10. Rd1 Qc8 11. d5 Nb8 12. Nbd2 Nh5 13. Nf1 Nf4 14. Bxf4 exf4 15. a4 Nd7 16. axb5 axb5 17. N1d2 Rb8 18. Qf1 Bf6 19. Rdb1 Ne5 20. Nxe5 Bxe5 21. Ra7 f3 22. Nxf3 Bxf3 23. gxf3 f5 24. Qh3 b4 25. c4 fxe4 26. Qxc8 Rbxc8 27. Re1 Rxf3 28. Re3 Bd4 29. Rxf3 exf3 30. Ra1 Re8 31. Rf1 g5 32. Bd1 g4 33. Bc2 Re5 34. b3 Kg7 35. Bd3 h5 36. Rd1 Kf6 37. Kf1 Bc3 38. Rb1 Re8 39. Rd1 Ra8 40. Bb1 Ra3 41. Bc2 Ra2 42. Rc1 Bd2 43. Bb1 Rb2 44. Rd1 Bc3 45. Bh7 Rxb3 46. Bc2 Rb2 47. Bh7 b3 0-1

[Event "GBR-ch 100th"]
[Site "Torquay"]
[Date "2013.08.08"]
[Round "10"]
[White "Longson, Alexander"]
[Black "Foo, William"]
[Result "1-0"]
[WhiteElo "2279"]
[BlackElo "2090"]
[PlyCount "67"]
[EventDate "2013.07.29"]
[EventType "swiss"]
[EventRounds "11"]
[EventCountry "ENG"]
[SourceTitle "CBM 155 Extra"]
[Source "ChessBase"]
[SourceDate "2013.08.26"]
[SourceVersion "1"]
[SourceVersionDate "2013.08.26"]
[SourceQuality "1"]

1. e4 c6 2. d4 d5 3. e5 c5 4. dxc5 e6 5. a3 Bxc5 6. Qg4 Ne7 7. b4 h5 8. Qh4 Bb6 9. Bd3 Nbc6 10. Nf3 Nf5 11. Qxd8+ Kxd8 12. Bxf5 exf5 13. Bg5+ Ke8 14. Nc3 Nxe5 15. Nxe5 Bd4 16. Kd2 Bxe5 17. Rhe1 f6 18. Bf4 Kf7 19. Bxe5 fxe5 20. Rxe5 Be6 21. Rae1 Rhe8 22. Nb5 Bd7 23. Nd6+ Kf8 24. Nxe8 Rxe8 25. Rxe8+ Bxe8 26. Re5 g6 27. f4 Bc6 28. Kd3 Kf7 29. Kd4 h4 30. g3 h3 31. Kc5 a6 32. Rxd5 Bxd5 33. Kxd5 g5 34. c4 1-0

[Event "GBR-ch 100th"]
[Site "Torquay"]
[Date "2013.08.07"]
[Round "9"]
[White "Foo, William"]
[Black "Kolbus, Dietmar"]
[Result "1/2-1/2"]
[WhiteElo "2090"]
[BlackElo "2288"]
[PlyCount "88"]
[EventDate "2013.07.29"]
[EventType "swiss"]
[EventRounds "11"]
[EventCountry "ENG"]
[SourceTitle "CBM 155 Extra"]
[Source "ChessBase"]
[SourceDate "2013.08.26"]
[SourceVersion "1"]
[SourceVersionDate "2013.08.26"]
[SourceQuality "1"]

1. e4 Nf6 2. e5 Nd5 3. d4 d6 4. c4 Nb6 5. exd6 cxd6 6. Be3 Nc6 7. Nc3 Bf5 8. Rc1 e5 9. d5 Nb8 10. a4 N8d7 11. a5 Nc8 12. b4 Be7 13. g3 0-0 14. Bg2 Bg5 15. Bxg5 Qxg5 16. Nf3 Qd8 17. Nh4 Bg6 18. 0-0 b6 19. axb6 axb6 20. Nb5 Nf6 21. Nxg6 hxg6 22. Ra1 Rb8 23. Ra6 Ne8 24. Ra3 Nc7 25. Nxc7 Qxc7 26. Rc3 Rd8 27. f4 exf4 28. Rxf4 Re8 29. Rcf3 Re7 30. Bh3 Rb7 31. Qf1 Qd8 32. Be6 Qe8 33. Rh4 g5 34. Rh5 g6 35. Rh6 fxe6 36. Rf8+ Qxf8 37. Rh8+ Kxh8 38. Qxf8+ Kh7 39. Qxc8 exd5 40. cxd5 Rbc7 41. Qd8 g4 42. Qxd6 Rc1+ 43. Kf2 Rc2+ 44. Kf1 Rc1+ 1/2-1/2

[Event "GBR-ch 100th"]
[Site "Torquay"]
[Date "2013.08.05"]
[Round "7"]
[White "Foo, William"]
[Black "Rayner, Francis"]
[Result "1-0"]
[WhiteElo "2090"]
[BlackElo "2186"]
[PlyCount "91"]
[EventDate "2013.07.29"]
[EventType "swiss"]
[EventRounds "11"]
[EventCountry "ENG"]
[SourceTitle "CBM 155 Extra"]
[Source "ChessBase"]
[SourceDate "2013.08.26"]
[SourceVersion "1"]
[SourceVersionDate "2013.08.26"]
[SourceQuality "1"]

1. d4 Nf6 2. c4 g6 3. Nc3 Bg7 4. e4 0-0 5. Be2 c5 6. d5 d6 7. f4 e6 8. Nf3 exd5 9. cxd5 Re8 10. Nd2 c4 11. a4 Nbd7 12. 0-0 Nc5 13. Bf3 Qc7 14. Nb5 Qd8 15. Qc2 a6 16. Nc3 Nb3 17. Nxb3 Qb6+ 18. Kh1 cxb3 19. Qd3 Nd7 20. a5 Qd4 21. Qe2 Nc5 22. Rd1 Qb4 23. Bd2 Bd7 24. e5 Bb5 25. Qe3 dxe5 26. Ne4 exf4 27. Qxc5 Qxc5 28. Nxc5 Bxb2 29. Rab1 Bd4 30. Nxb3 Be3 31. Bxe3 fxe3 32. Nd4 Bc4 33. Rxb7 e2 34. Re1 Rad8 35. Nc6 Rd6 36. Kg1 Kf8 37. Nb4 Re3 38. Kf2 Rb3 39. Rb8+ Kg7 40. Nc6 Ra3 41. Rd8 Rxd8 42. Nxd8 Rxa5 43. d6 Ra2 44. Nb7 Rd2 45. Bc6 Bb5 46. d7 1-0

[Event "GBR-ch 100th"]
[Site "Torquay"]
[Date "2013.08.01"]
[Round "4"]
[White "Foo, William"]
[Black "Owens, Megan R"]
[Result "1-0"]
[WhiteElo "2090"]
[BlackElo "1852"]
[PlyCount "47"]
[EventDate "2013.07.29"]
[EventType "swiss"]
[EventRounds "11"]
[EventCountry "ENG"]
[SourceTitle "CBM 155 Extra"]
[Source "ChessBase"]
[SourceDate "2013.08.26"]
[SourceVersion "1"]
[SourceVersionDate "2013.08.26"]
[SourceQuality "1"]

1. e4 c5 2. Nf3 g6 3. d4 Bg7 4. dxc5 Qa5+ 5. c3 Qxc5 6. Na3 b6 7. Be3 Qc7 8. Nb5 Qb7 9. Bc4 a6 10. Nbd4 Nf6 11. e5 Nd5 12. Qb3 e6 13. Bxd5 exd5 14. 0-0-0 Nc6 15. Nc2 b5 16. Bc5 Na5 17. Qxd5 Qxd5 18. Rxd5 Bb7 19. Rdd1 Rc8 20. Bb4 Nc6 21. Bd6 Ne7 22. Rhe1 h5 23. Ne3 h4 24. Ng4 1-0

[Event "GBR-ch 100th"]
[Site "Torquay"]
[Date "2013.07.30"]
[Round "2"]
[White "Foo, William"]
[Black "Fernandez, Daniel Howard"]
[Result "0-1"]
[WhiteElo "2090"]
[BlackElo "2346"]
[PlyCount "98"]
[EventDate "2013.07.29"]
[EventType "swiss"]
[EventRounds "11"]
[EventCountry "ENG"]
[SourceTitle "CBM 155 Extra"]
[Source "ChessBase"]
[SourceDate "2013.08.26"]
[SourceVersion "1"]
[SourceVersionDate "2013.08.26"]
[SourceQuality "1"]

1. d4 b5 2. e4 Bb7 3. Bxb5 Bxe4 4. Nf3 Nf6 5. c4 e6 6. Nc3 Bb7 7. 0-0 Be7 8. d5 0-0 9. Re1 c6 10. dxc6 Nxc6 11. Nd4 Na5 12. Nc2 a6 13. Ba4 Nxc4 14. Bb3 d5 15. Qe2 Rc8 16. Nd4 Qb6 17. Nf3 Ne4 18. Nxe4 dxe4 19. Ng5 e3 20. fxe3 Na5 21. Nf3 Nxb3 22. axb3 Qxb3 23. Nd4 Qd5 24. Bd2 Qe4 25. Rac1 e5 26. Nf3 Rc2 27. Rxc2 Qxc2 28. Bc3 Qxe2 29. Rxe2 f6 30. Rd2 Rd8 31. Kf2 Rxd2+ 32. Nxd2 Kf7 33. e4 Bc6 34. Ke3 Bb5 35. b4 Bd8 36. Nb3 Bb6+ 37. Nc5 a5 38. Kd2 axb4 39. Bxb4 Bf1 40. g3 Kg6 41. Nd7 Bg1 42. Ke1 Bh3 43. Bc5 Bxh2 44. Nf8+ Kh5 45. Bf2 Kg4 46. Nxh7 Bxg3 47. Nf8 Bxf2+ 48. Kxf2 Kg5 49. Kg3 Bc8 0-1

[Event "GBR-ch 100th"]
[Site "Torquay"]
[Date "2013.07.29"]
[Round "1"]
[White "Bates, Richard"]
[Black "Foo, William"]
[Result "0-1"]
[WhiteElo "2375"]
[BlackElo "2090"]
[PlyCount "110"]
[EventDate "2013.07.29"]
[EventType "swiss"]
[EventRounds "11"]
[EventCountry "ENG"]
[SourceTitle "CBM 155 Extra"]
[Source "ChessBase"]
[SourceDate "2013.08.26"]
[SourceVersion "1"]
[SourceVersionDate "2013.08.26"]
[SourceQuality "1"]

1. d4 d5 2. c4 c6 3. Nf3 Nf6 4. Qb3 dxc4 5. Qxc4 Bf5 6. g3 e6 7. Bg2 Be7 8. 0-0 0-0 9. e3 Nbd7 10. Qe2 Ne4 11. Nc3 Nxc3 12. bxc3 Be4 13. Rd1 Qa5 14. c4 Qh5 15. h3 Rfd8 16. Bd2 Rac8 17. Bc3 c5 18. g4 Qg6 19. d5 exd5 20. cxd5 h5 21. Ne1 hxg4 22. Qxg4 Qxg4 23. hxg4 Bxg2 24. Nxg2 Bf6 25. Rac1 Bxc3 26. Rxc3 Nf6 27. Nf4 Nxg4 28. e4 Ne5 29. Rb1 b6 30. Kg2 g6 31. Ne2 f5 32. exf5 gxf5 33. Rh1 Rc7 34. Nf4 Rg7+ 35. Kf1 Rg4 36. Rch3 Nf7 37. Nh5 Kf8 38. Rd3 c4 39. Rd1 c3 40. Rh3 c2 41. Rc1 Rc4 42. Rd3 Ne5 43. Rd2 Rh4 44. Ng3 f4 45. Rcxc2 fxg3 46. fxg3 Rc4 47. Rf2+ Kg7 48. Rcd2 Rf8 49. d6 Rcc8 50. a4 Rxf2+ 51. Kxf2 Rd8 52. Rd5 Nc4 53. d7 Kf6 54. Rd4 Ne5 55. a5 Rxd7 0-1

[Event "Bergamo op 12th"]
[Site "Bergamo"]
[Date "2013.07.21"]
[Round "6"]
[White "Aghayev, Miragha"]
[Black "Foo, William"]
[Result "1/2-1/2"]
[WhiteElo "2299"]
[BlackElo "2090"]
[PlyCount "108"]
[EventDate "2013.07.19"]
[EventType "swiss"]
[EventRounds "6"]
[EventCountry "ITA"]
[SourceTitle "CBM 155 Extra"]
[Source "ChessBase"]
[SourceDate "2013.08.26"]
[SourceVersion "1"]
[SourceVersionDate "2013.08.26"]
[SourceQuality "1"]

1. c4 c6 2. d4 d5 3. Nf3 Nf6 4. e3 a6 5. b3 Bg4 6. Bd3 e6 7. 0-0 Bd6 8. Bb2 0-0 9. Nbd2 Bh5 10. Qc2 Bg6 11. e4 dxe4 12. Nxe4 Nxe4 13. Bxe4 Nd7 14. Rad1 Qc7 15. Rfe1 Rad8 16. Ne5 Nxe5 17. dxe5 Bb4 18. Bxg6 hxg6 19. Re3 Rxd1+ 20. Qxd1 Rd8 21. Rd3 Rxd3 22. Qxd3 Be7 23. Bc3 Qd8 24. Qe2 Bc5 25. g3 Bb6 26. Kg2 Ba5 27. Bb2 Qd2 28. Qxd2 Bxd2 29. Bd4 Bb4 30. Kf3 Kf8 31. h4 Ke7 32. g4 Kd7 33. Ke4 Be7 34. h5 g5 35. f4 gxf4 36. Kxf4 Ke8 37. g5 Kf8 38. g6 fxg6 39. hxg6 Ke8 40. Ke4 Kd7 41. Be3 Kc7 42. Kd4 b5 43. Kd3 Kd7 44. Bd2 Kc7 45. Ba5+ Kd7 46. Kc3 Kc8 47. cxb5 axb5 48. Kd3 Kb7 49. Bd2 Ka6 50. a4 Kb6 51. Be3+ Ka5 52. Bd2+ Kb6 53. Be3+ Ka5 54. Bd2+ Kb6 1/2-1/2

[Event "Bergamo op 12th"]
[Site "Bergamo"]
[Date "2013.07.20"]
[Round "3"]
[White "Foo, William"]
[Black "Napoli, Nicolo"]
[Result "1-0"]
[WhiteElo "2090"]
[BlackElo "2291"]
[PlyCount "119"]
[EventDate "2013.07.19"]
[EventType "swiss"]
[EventRounds "6"]
[EventCountry "ITA"]
[SourceTitle "CBM 155 Extra"]
[Source "ChessBase"]
[SourceDate "2013.08.26"]
[SourceVersion "1"]
[SourceVersionDate "2013.08.26"]
[SourceQuality "1"]

1. e4 e6 2. d4 d5 3. Nc3 Nf6 4. Bg5 dxe4 5. Nxe4 Be7 6. Nxf6+ gxf6 7. Be3 Nd7 8. Qf3 Nb6 9. 0-0-0 Qd5 10. Qxd5 Nxd5 11. Bd2 Bd7 12. Ne2 c5 13. Nc3 Nxc3 14. Bxc3 Rg8 15. d5 e5 16. f4 0-0-0 17. Re1 Rde8 18. fxe5 fxe5 19. Rxe5 Bg5+ 20. Kb1 Rxe5 21. Bxe5 Re8 22. Bg3 f5 23. Bd3 Be3 24. c4 f4 25. Bh4 Rg8 26. Be4 b5 27. cxb5 Bxb5 28. g3 Rf8 29. Be7 Re8 30. d6 h6 31. gxf4 Bxf4 32. Bf5+ Bd7 33. Bd3 Kb7 34. h4 Rg8 35. Rd1 Kb6 36. Rf1 Be5 37. Bf5 Kc6 38. Be4+ Kb6 39. Bd5 Rg3 40. Rf8 c4 41. Bxc4 Rg2 42. Rb8+ Kc5 43. Be6 Rg1+ 44. Kc2 Ba4+ 45. b3 Rg2+ 46. Kd1 Rg1+ 47. Kd2 Rg2+ 48. Ke1 Rg1+ 49. Ke2 Bb5+ 50. Rxb5+ Kxb5 51. d7 Bc7 52. Bc4+ Kc6 53. d8Q Bxd8 54. Bxd8 Rg2+ 55. Kf3 Rxa2 56. Kg4 Kd7 57. Bf6 Ra5 58. Bg7 h5+ 59. Kf4 Ke7 60. Bc3 1-0

[Event "Brighton e2e4 Masters"]
[Site "Brighton"]
[Date "2013.02.18"]
[Round "5"]
[White "Foo, William"]
[Black "Burrows, Martin P"]
[Result "1/2-1/2"]
[WhiteElo "2060"]
[BlackElo "2147"]
[PlyCount "70"]
[EventDate "2013.02.16"]
[EventType "swiss"]
[EventRounds "9"]
[EventCountry "ENG"]
[SourceTitle "CBM 153 Extra"]
[Source "ChessBase"]
[SourceDate "2013.04.22"]
[SourceVersion "1"]
[SourceVersionDate "2013.04.22"]
[SourceQuality "1"]

1. d4 Nf6 2. c4 e6 3. g3 d5 4. Nf3 dxc4 5. Bg2 Nc6 6. Qa4 Bb4+ 7. Bd2 Nd5 8. Bxb4 Ndxb4 9. 0-0 Rb8 10. Ne5 0-0 11. Nxc6 Nxc6 12. Bxc6 bxc6 13. Qxa7 Rxb2 14. Nc3 Qe7 15. Qa4 e5 16. dxe5 Qxe5 17. Qxc4 c5 18. Rab1 Rc2 19. Rfc1 Be6 20. Qd3 Rxc1+ 21. Rxc1 Rb8 22. a4 h6 23. Qe4 Qg5 24. f4 Qf6 25. Nb5 c4 26. Nd4 Rb4 27. Nxe6 Qxe6 28. Qxe6 fxe6 29. a5 Ra4 30. Kf2 Kf7 31. Ke3 Ke7 32. Kd4 Kd6 33. Rxc4 c5+ 34. Kd3 Rxa5 35. Rc2 Ra3+ 1/2-1/2

[Event "Brighton e2e4 Masters"]
[Site "Brighton"]
[Date "2013.02.16"]
[Round "1"]
[White "Foo, William"]
[Black "Eggleston, David"]
[Result "1-0"]
[WhiteElo "2060"]
[BlackElo "2343"]
[PlyCount "137"]
[EventDate "2013.02.16"]
[EventType "swiss"]
[EventRounds "9"]
[EventCountry "ENG"]
[SourceTitle "CBM 153 Extra"]
[Source "ChessBase"]
[SourceDate "2013.04.22"]
[SourceVersion "1"]
[SourceVersionDate "2013.04.22"]
[SourceQuality "1"]

1. d4 Nf6 2. c4 e6 3. g3 d5 4. Nf3 Be7 5. Bg2 0-0 6. 0-0 dxc4 7. Qc2 a6 8. Qxc4 b5 9. Qc2 Bb7 10. Bd2 Be4 11. Qc1 Qc8 12. Nc3 Bb7 13. Bg5 Nbd7 14. Qc2 c5 15. Rac1 cxd4 16. Nxd4 Bxg2 17. Kxg2 Qb7+ 18. f3 Rac8 19. Qb1 Rc4 20. Nb3 Bb4 21. Nd2 Rcc8 22. Bxf6 Nxf6 23. Nde4 Nxe4 24. Nxe4 f5 25. Nf2 Bd2 26. Rxc8 Rxc8 27. Qd3 Qd5 28. Qxd5 exd5 29. Rd1 Rc2 30. Nd3 Be3 31. Kf1 d4 32. a4 bxa4 33. Ra1 Rc4 34. Ke1 Bg5 35. Kd1 Bf6 36. Rc1 Rxc1+ 37. Kxc1 Be7 38. Kc2 Kf7 39. Nf4 g5 40. Nd5 a3 41. bxa3 Bxa3 42. Kb3 Bc1 43. Nb4 Be3 44. h3 h5 45. Nxa6 g4 46. fxg4 fxg4 47. hxg4 hxg4 48. Kc4 Ke6 49. Nb4 Ke5 50. Nd3+ Kd6 51. Nc5 Ke5 52. Nd3+ Ke4 53. Nc5+ Kf5 54. Kd5 Bf2 55. Ne4 Be3 56. Nd6+ Kf6 57. Ke4 Kg5 58. Ke5 Kg6 59. Nf5 Bf2 60. Kf4 Kh5 61. Nd6 Be3+ 62. Kf5 Bf2 63. Ne4 Bxg3 64. Nxg3+ Kh4 65. Kf4 Kh3 66. Nf5 Kg2 67. Nxd4 Kf2 68. e4 g3 69. Nf3 1-0